00430nam a2200133Ia 4500003000900000008004100009040001600050080001600066110003100082245008600113260004100199300001500240650004100255IN-BaIIA211028s9999 xx 000 0 eng d cIIA Library a338.98bIND aIndia. Planning Commission 0aDraft fifth five year plan, 1974-79,bvol. 1cGovt. of India. Planning Commission aNew DelhibGovernment of Indiac1974 aiii, 295p. aAstronomy and Astrophysics Thesaurus